|
|
|
|
| LEADER |
00944nam a2200241 a 4500 |
| 001 |
GR-MES7033 |
| 008 |
000429s gr 000 0 gre d |
| 020 |
|
|
|a 0133465373
|
| 040 |
|
|
|a GrPaTEI
|b gre
|c GR-PaULI
|
| 040 |
|
|
|a GrPaTEI
|b gre
|c GR-PaULI
|
| 245 |
0 |
0 |
|a Analyzing social problems :
|b essays and exercises /
|c Dana Dunn / David Waller.
|
| 260 |
|
|
|a New Jersey :
|b Prentice Hall,
|c 1997
|
| 300 |
|
|
|a 219 σελ
|
| 500 |
|
|
|a περιέχει βιβλιογραφικες αναφορες
|
| 650 |
|
4 |
|a ΗΠΑ
|
| 650 |
|
4 |
|a Κοινωνικά προβλήματα
|
| 650 |
|
4 |
|a ΚΡΙΤΙΚΗ ΣΚΕΨΗ
|
| 700 |
1 |
|
|a DUNN, DANA
|
| 700 |
1 |
|
|a WALLER, DAVID
|
| 942 |
|
|
|2 ddc
|
| 952 |
|
|
|0 0
|1 0
|2 ddc
|4 0
|6 361_109000000000000_73_DUN
|7 0
|9 277383
|a MSLG
|b MSLG
|c BSC
|d 2021-01-17
|e 24
|f 1
|g 0.00
|l 0
|o 361.109 73 DUN
|p 2420000016053
|r 2021-01-17 00:00:00
|t 1
|w 2021-01-17
|y BK15
|x 20000429 0 1
|x GrPaTEI
|
| 971 |
|
|
|a .b25855025
|b 15-04-20
|c 14-09-16
|
| 999 |
|
|
|c 161169
|d 161169
|